Predčistenie odpadových vôd z výroby sklených vlákien

Saved in:
Bibliographic Details
Main Author: Kohút, Miroslav
Format: Software Book
Language:Slovak
Published: Bratislava STU FCHPT 2008
Online Access:View in OPAC
Tags: Add Tag
No Tags, Be the first to tag this record!

MARC

LEADER 00000nam a2200000 a 4500
005 20260127134023.0
007 co ugu
008 080909 2008 xo 000 0 slo d
035 |a vtls009331670 
039 9 |y 200809090913  |z mschk03 
040 |a STUSCHK1  |b slo  |c STUSCHK1  |e AACR2 
100 1 |a Kohút, Miroslav 
245 1 |a Predčistenie odpadových vôd z výroby sklených vlákien 
260 |a Bratislava  |b STU FCHPT  |c 2008 
500 |a Obháj.: 9.6. 2008 
500 |a Zameranie: chémia a technológia životného prostredia 
500 |a Študijný odbor: 5.2.18 chemické technológie 
500 |a diplomová práca na CD-ROMe 
910 |a SCHK95 
999 |c 2242  |d 2242